Παίζοντας με τη μουσική
Αποθηκεύτηκε σε:
| Κύριος συγγραφέας: | |
|---|---|
| Άλλοι συγγραφείς: | |
| Μορφή: | Βιβλίο |
| Γλώσσα: | Greek |
| Δημοσίευση: |
Αθήνα :
Ελληνικά Γράμματα,
c1992
|
| Έκδοση: | 2η έκδ. |
| Σειρά: | Παίζοντας και μαθαίνοντας
|
| Θέματα: | |
| Ετικέτες: |
Προσθήκη ετικέτας
Δεν υπάρχουν, Καταχωρήστε ετικέτα πρώτοι!
|
MARC
| LEADER | 00000cam a2200000 i 4500 | ||
|---|---|---|---|
| 001 | 1/92176 | ||
| 008 | 970312s1992 gre d | ||
| 020 | |a 960-7019-52-0 | ||
| 035 | |a 1993 |b 2 |c Δωρεά |l 10053939 | ||
| 040 | |a GR-MY-UA |b gre |e aacr | ||
| 041 | 0 | |a gre | |
| 082 | 0 | |a 372.87 | |
| 100 | 1 | |a Σακελλαρίδης, Γιώργος. | |
| 245 | 1 | 0 | |a Παίζοντας με τη μουσική / |c Γιώργος Σακελλαρίδης |
| 250 | |a 2η έκδ. | ||
| 260 | |a Αθήνα : |b Ελληνικά Γράμματα, |c c1992 | ||
| 300 | |a 165 σ.; |c 27 εκ. | ||
| 490 | 1 | |a Παίζοντας και μαθαίνοντας | |
| 500 | |a Με 11 ζωγραφιές της Σοφίας Φόρτωμα | ||
| 500 | |a Το Παράρτημα της Ρόδου διαθέτει την 1η έκδοση, 1992 και την 2η έκδοση [ανατύπωση], 1994 | ||
| 504 | |a Περιέχει βιβλιογραφία | ||
| 650 | 0 | 0 | |a Music |x Instruction and study. |
| 650 | 0 | 0 | |a Music in education. |
| 700 | 1 | |a Φόρτωμα, Σοφία, |d 1958- |4 ill | |
| 830 | 0 | |a Παίζοντας και μαθαίνοντας | |
| 852 | |a INST |b LESVOS |e 19970604 |h 372.87 ΣΑΚ |p 005100011075 |q 005100011075 |t BK |y 0 | ||
| 852 | |a INST |b RHODES |e 19970312 |h 372.87 ΣΑΚ |p 005400000601 |q 005400000601 |t BK |y 0 | ||
| 852 | |a INST |b RHODES |e 19970312 |h 372.87 ΣΑΚ |p 005400000602 |q 005400000602 |t BK |y 0 | ||
| 852 | |a INST |b RHODES |e 19970312 |h 372.87 ΣΑΚ |p 005400000603 |q 005400000603 |t BK |y 0 | ||
| 852 | |a INST |b RHODES |e 19970312 |h 372.87 ΣΑΚ |p 005400000604 |q 005400000604 |t BK |y 0 | ||
| 852 | |a INST |b RHODES |e 19970312 |h 372.87 ΣΑΚ |p 005400000605 |q 005400000605 |t BK |y 0 | ||
| 852 | |a INST |b RHODES |e 19991111 |h 372.87 ΣΑΚ |p 005400014323 |q 005400014323 |t BK |y 0 | ||
| 852 | |a INST |b SAMOS |e 20000331 |h 372.87 ΣΑΚ |p 005300015564 |q 005300015564 |t BK |y 0 | ||
| 901 | |a BIBL3-2000-1 | ||
| 909 | |a Ρ |b 064393 | ||
| 909 | |a Σ |b 068488 | ||
| 909 | |a Ρ |b 027281 |c 1993 | ||
| 909 | |a Ρ |b 027283 |c 1993 | ||
| 909 | |a Ρ |b 027280 |c 1993 | ||
| 909 | |a Ρ |b 027282 |c 1993 | ||
| 909 | |a Ρ |b 027284 |c 1993 | ||
| 909 | |a Λ |b 050160 | ||
| 922 | |a 4ΔΩΡ |b 199911 |c ΔΩΡΕΑ | ||
| 922 | |a 1ΔΩΡ |b 199706 |c ΦΜ Ρόδου | ||
| 970 | |a ΚΟΥΛΑΚΙΟΤΗ |b ΛΙΤΣΑ |z 1999/11/11 | ||